000
00253nam a2200097Ia 4500
008
220204s9999 xx 000 0 und d
082
_a
35.078.2
_b
KER
245
0
_a
Kerala Service rules.Pts i, ii, iii
260
_a
Cochin
_b
Southern Book
_c
1975
942
_c
BK
999
_c
24191
_d
24191